Avatar the Last Air bender Season 1 - Statistics

General Stats
  • This quiz has been taken 207 times
  • The average score is 17 of 20
Answer Stats
Hint Answer % Correct
What is the avatar's name? Aang
100%
Who finds him? Katara
98%
Her brother's name is Sokka
97%
Whose name is Appa
96%
They decide that Aang needs to learn Water bending
95%
where they find a lemur and name it Momo
94%
Who turns out to be Zuko
92%
They find him in a/an Iceberg
91%
Then the earth kingdom city of Omashu
84%
Their first stop is the Southern Air Temple
84%
Katara steals a ____________ from Pirates Waterbending Scroll
83%
Admiral ____ leads an invasion Zhao
80%
Aang learns waterbending from ____ at the North Pole Master Pakku
79%
Princess ___ sacrifices herself to replace the Moon Spirit Yue
78%
With him is his Flying Bison
77%
and travel to find a master at the North Pole
73%
Aang is captured by the Fire Nation but rescued by The Blue Spirit
71%
Then they visit Kyoshi Island
64%
Aang visits the face stealer named Koh
60%
and he kills The Moon Spirit
58%
No matching quizzes found
Score Distribution
Percent of People with Each Score
Percentile by Number Answered
Your Score History
You have not taken this quiz